[Event "Sparkassen-Open J"]
[Site "Heusenstamm, Martinsee"]
[Date "2019.11.24"]
[Round "7.32"]
[White "Englert, Ann"]
[Black "Heller, Karan"]
[Result "1/2-1/2"]
[WhiteElo "950"]
[BlackElo "844"]
[PlyCount "148"]
[EventDate "2019.??.??"]
[WhiteTeam "TV-Großostheim"]
[BlackTeam "TuS Dotzheim"]

1. e4 e5 2. Nf3 Nc6 3. Bb5 Nf6 4. Nc3 Bc5 5. O-O Ng4 6. h3 Nf6 7. d3 a6 8. Bxc6
bxc6 9. d4 exd4 10. Nxd4 Nxe4 11. Nxe4 Bxd4 12. Qxd4 O-O 13. Be3 d5 14. Nc3 Rb8
15. b3 Bf5 16. Rfc1 Re8 17. Qf4 Qf6 18. Qd4 Qxd4 19. Bxd4 Rb4 20. Be3 d4 21.
Bf4 dxc3 22. Bxc7 Rb7 23. Ba5 h6 24. Bxc3 Re2 25. Kf1 Rxc2 26. Rxc2 Bxc2 27.
Rc1 Be4 28. Re1 Re7 29. Kg1 Re6 30. f3 Bd5 31. Rxe6 Bxe6 32. Kf2 Kf8 33. Ke3
Kg8 34. Kd4 Bd7 35. Kc5 f6 36. Kd6 Be8 37. Kc7 Kf7 38. Kb6 g5 39. Kxa6 Ke6 40.
a4 f5 41. a5 c5 42. Kb6 Kd6 43. b4 cxb4 44. Bxb4+ Kd5 45. a6 Bc6 46. g3 h5 47.
Kc7 g4 48. hxg4 fxg4 49. fxg4 hxg4 50. a7 Ba8 51. Kb8 Bc6 52. Kc7 Ba8 53. Kb8
Bc6 54. Kc8 Ba8 55. Kc7 Bc6 56. Bd6 Ba8 57. Kb8 Bc6 58. Ba3 Ke6 59. Kc7 Ba8 60.
Bb4 Bd5 61. Bd6 Ba8 62. Kb8 Bd5 63. Kc7 Ba8 64. Kb8 Bd5 65. Bb4 Bc6 66. Kc7 Ba8
67. Bd6 Kd5 68. Kb8 Bc6 69. Bb4 Ke6 70. Kc7 Kd5 71. Ba3 Ba8 72. Kb8 Bc6 73. Kc7
Ba8 74. Kb8 Bc6 1/2-1/2

[Event "Sparkassen-Open J"]
[Site "Heusenstamm, Martinsee"]
[Date "2019.11.24"]
[Round "7.33"]
[White "Culha, Merve"]
[Black "Schilling, Pascal"]
[Result "1-0"]
[WhiteElo "874"]
[BlackElo "838"]
[PlyCount "35"]
[EventDate "2019.??.??"]
[WhiteTeam "SC Heusenstamm"]
[BlackTeam "SV Ffm-Griesheim"]

1. e4 e5 2. Nf3 Nc6 3. Bc4 Bc5 4. Nc3 Nf6 5. d3 d6 6. h3 O-O 7. Bg5 Nd4 8. Nxd4
exd4 9. Ne2 c6 10. c3 d5 11. e5 dxc4 12. exf6 gxf6 13. Bh6 Re8 14. O-O dxc3 15.
Nxc3 cxd3 16. Qf3 Bb4 17. Qg3+ Kh8 18. Qg7# 1-0